Europe and Africa : trends and relationships : four addresses delivered to a seminar at the Guildhall in the City of London on Thursday 20th October 1977 /

Bibliographic Details
Corporate Authors: Royal African Society, London Chamber of Commerce and Industry
Format: Book
Language:English
Published: London : The Society, 1978.
Subjects:

MARC

Tag First Indicator Second Indicator Subfields
LEADER 00000cam a2200000 i 4500
001 in00000037935
005 20151007080724.0
008 790717s1978 enk 00000 eng
010 |a  79309751  
015 |a GB78-20059 
020 |c 1.20 
035 |a (OCoLC)05265540 
035 |9 AAF5272AM 
040 |a DLC  |c DLC  |d OCL  |d TXA  |d UtOrBLW 
043 |a e------  |a f------  |a fs----- 
049 |a TXAM  |c [1497314] 
050 0 0 |a DT38.9.E85  |b E87 
082 0 |a 382.1/094 
245 0 0 |a Europe and Africa :  |b trends and relationships : four addresses delivered to a seminar at the Guildhall in the City of London on Thursday 20th October 1977 /  |c [organized by the Royal African Society and the London Chamber of Commerce]. 
264 1 |a London :  |b The Society,  |c 1978. 
300 |a 49 pages ;  |c 21 cm. 
336 |a text  |b txt  |2 rdacontent 
337 |a unmediated  |b n  |2 rdamedia 
338 |a volume  |b nc  |2 rdacarrier 
500 |a Cover title. 
651 0 |a Africa  |x Relations  |z Europe. 
651 0 |a Europe  |x Relations  |z Africa. 
651 0 |a Africa, Southern  |x Economic conditions. 
651 0 |a Africa  |x Economic conditions  |y 1945-1960. 
710 2 |a Royal African Society. 
710 2 |a London Chamber of Commerce and Industry. 
999 |a MARS 
999 f f |s 920f11d1-d643-32cf-9762-9784149dde96  |i 1dc1b282-641b-3884-9b6d-4de1d0b64836  |t 0 
952 f f |p ric  |a Texas A&M University  |b Rellis Campus  |c Joint Library Facility  |d Remote Storage  |t 0  |e DT38.9.E85 E87  |h Library of Congress classification  |i unmediated -- volume  |m A14802085794 
998 f f |a DT38.9.E85 E87  |t 0  |l Remote Storage